Croatian towns and municipalities coats of arms: Virovitica Podravina - Statistics

General Stats
  • This quiz has been taken 14 times
  • The average score is 10 of 16
Answer Stats
Picture Answer % Correct
Slatina
100%
Virovitica
100%
Orahovica
91%
Suhopolje
82%
Voćin
82%
Čačinci
73%
Pitomača
73%
Crnac
55%
Mikleuš
55%
Zdenci
55%
Čađavica
45%
Sopje
45%
Lukač
36%
Nova Bukovica
36%
Gradina
27%
Špišić Bukovica
27%
No matching quizzes found
Score Distribution
Percent of People with Each Score
Percentile by Number Answered
Your Score History
You have not taken this quiz